000 00562nam a2200181Ia 4500
003 GCL
008 140319s9999 xx 000 0 aFre d
040 _aGCL /
_cGCL
082 0 4 _aCC
_b027.4962
_bN M
100 1 _aNAWAL MOSTAFA
245 1 0 _aLE MYTHE D'ALEXANDRIE :
_bHISTOIRE DE LA PLUS CELEBRE BIBLIOTHEQUE DU MONDE /
_cNAWAL MOSTAFA
260 _aالقاهرة :
_bAK HBAREYOM - SECTEUR CULTUREL ،
_c2002
300 _a32 CM ؛
_c160 P
650 0 4 _aALEXANDRIA LIBRARY
650 0 4 _aLIBRARIES - PUBLIC
650 0 4 _aLIBRARIES - EGYPT
942 _2ddc
_cBK
999 _c5733
_d5733